Countries Most Similar To Indonesia - Statistics

General Stats
  • This quiz has been taken 149 times
  • The average score is 11 of 20
Answer Stats
Rank Country Score % Correct
1 Malaysia 75.1
94%
7 Thailand 61.1
91%
13 India 57.6
86%
2 Philippines 69.9
86%
5 Vietnam 62.9
83%
10 Cambodia 59.5
82%
3 Brunei 67.7
80%
4 East Timor 63.1
79%
18 Laos 56.8
76%
6 Myanmar 61.7
74%
8 Bangladesh 60.9
69%
9 Sri Lanka 59.7
52%
20 Fiji 56.7
30%
19 Madagascar 56.8
21%
11 Samoa 59
19%
15 Vanuatu 57.5
17%
14 Solomon Islands 57.5
14%
17 Guinea 57
7%
12 Sierra Leone 58.5
7%
16 Ecuador 57.2
4%
No matching quizzes found
Score Distribution
Percent of People with Each Score
Percentile by Number Answered
Your Score History
You have not taken this quiz